Statystyki dla Największe dzienniki ogólnopolskie

Kliknij tutaj aby rozwiązać quiz!

Ogólne statystyki

  • Ten quiz został rozwiązany 35 razy
  • Średni wynik to 4 z 9

Statystyki odpowiedzi

Sprzedaż ogółem:Tytuł% Poprawnych
223 109Fakt
94%
88 784Gazeta Wyborcza
84%
114 199Super Express
77%
41 577Rzeczpospolita
42%
36 593Dziennik Gazeta Prawna
35%
21 046Przegląd Sportowy
32%
13 527Gazeta Polska Codziennie
13%
9434Puls Biznesu
10%
3849Gazeta Giełdy Parkiet
0%

Rozkład punktacji

Percentyl według liczby udzielonych odpowiedzi

Procent ludzi z każdym wynikiem

Twoja historia wyników

Nie rozwiązałeś tego quizu